[Event "Seville City-ch Blitz"]
[Site "Seville"]
[Date "2023.02.28"]
[Round "8"]
[White "Callejas Rojas, Francisco Miguel"]
[Black "Exposito Portillo, Joaquin"]
[Result "1-0"]
[WhiteElo "2319"]
[BlackElo "2048"]
[PlyCount "54"]
[EventDate "2023.02.28"]
[EventType "swiss (blitz)"]
[EventRounds "10"]
[EventCountry "ESP"]
[SourceTitle "CBM 213 Extra"]
[Source "ChessBase"]
[SourceDate "2023.05.31"]
[SourceVersion "1"]
[SourceVersionDate "2023.05.31"]
[SourceQuality "1"]

1. c4 e5 2. d3 Nf6 3. a3 d5 4. cxd5 c6 5. Nf3 Bd6 6. dxc6 0-0 7. e3 Nxc6 8. Be2 Qc7 9. Nc3 a6 10. 0-0 Rd8 11. e4 b5 12. Bg5 Kh8 13. Nd5 Nxd5 14. Bxd8 Qxd8 15. exd5 Ne7 16. Ng5 Kg8 17. Bf3 h6 18. Ne4 Nxd5 19. Nc3 Nxc3 20. bxc3 Rb8 21. a4 f5 22. axb5 axb5 23. Qb3+ Kh7 24. Qf7 Qh4 25. g3 Qh3 26. Ra7 Bf8 27. Qxf8 Ra8 1-0

[Event "Seville City-ch Blitz"]
[Site "Seville"]
[Date "2023.02.28"]
[Round "1"]
[White "Callejas Rojas, Francisco Miguel"]
[Black "Salas Campuzano, Sergio"]
[Result "1-0"]
[WhiteElo "2319"]
[BlackElo "1731"]
[PlyCount "73"]
[EventDate "2023.02.28"]
[EventType "swiss (blitz)"]
[EventRounds "10"]
[EventCountry "ESP"]
[SourceTitle "CBM 213 Extra"]
[Source "ChessBase"]
[SourceDate "2023.05.31"]
[SourceVersion "1"]
[SourceVersionDate "2023.05.31"]
[SourceQuality "1"]

1. d4 d5 2. c4 e6 3. Nc3 Nf6 4. cxd5 exd5 5. Bg5 Be7 6. e3 c6 7. Bd3 0-0 8. Qc2 h6 9. Bf4 Nbd7 10. h3 Re8 11. Nf3 b6 12. 0-0 c5 13. dxc5 Nxc5 14. Bb5 Bd7 15. Rfd1 Bxb5 16. Nxb5 Rc8 17. Nxa7 Ra8 18. Nb5 Rc8 19. Qe2 Qd7 20. Nfd4 Nfe4 21. Rac1 Bf6 22. Qg4 Kh8 23. Qxd7 Nxd7 24. Nc7 Red8 25. Nxd5 Rxc1 26. Rxc1 Ndc5 27. Nxf6 Nxf6 28. Bc7 Nd3 29. Bxd8 Nxc1 30. a4 Nd5 31. e4 Nb4 32. Bxb6 Ncd3 33. b3 Kg8 34. a5 Kf8 35. Kf1 Ke7 36. Ke2 Ne5 37. Bc5+ 1-0

[Event "Seville City-ch Rapid"]
[Site "Seville"]
[Date "2023.02.28"]
[Round "6"]
[White "Callejas Rojas, Francisco Miguel"]
[Black "Silva Lucena, Cristian"]
[Result "1-0"]
[WhiteElo "2319"]
[BlackElo "2303"]
[PlyCount "71"]
[EventDate "2023.02.28"]
[EventType "swiss (rapid)"]
[EventRounds "7"]
[EventCountry "ESP"]
[SourceTitle "CBM 213 Extra"]
[Source "ChessBase"]
[SourceDate "2023.05.31"]
[SourceVersion "1"]
[SourceVersionDate "2023.05.31"]
[SourceQuality "1"]

1. Nf3 Nf6 2. e3 g6 3. b4 Bg7 4. Bb2 0-0 5. c4 d6 6. Nc3 e5 7. d3 a5 8. b5 Re8 9. Nd2 h5 10. Be2 h4 11. h3 Nbd7 12. Nde4 Nxe4 13. Nxe4 f5 14. Nc3 Qg5 15. 0-0 Nf6 16. f4 exf4 17. exf4 Qh6 18. Bf3 Kh8 19. Qd2 a4 20. Rae1 Bd7 21. Bxb7 Rxe1 22. Rxe1 Ra7 23. Bf3 a3 24. Ba1 Nh5 25. Bxh5 gxh5 26. Nd5 Bxa1 27. Rxa1 Qg7 28. Re1 Ra8 29. Qf2 Rg8 30. Re7 Qa1+ 31. Kh2 Rg7 32. Rxg7 Kxg7 33. Qxh4 Be6 34. Qg5+ Kf8 35. Qe7+ Kg8 36. Nf6+ 1-0

[Event "Seville City-ch Blitz"]
[Site "Seville"]
[Date "2023.02.28"]
[Round "10"]
[White "Sanchez Del Prado, Manuel"]
[Black "Callejas Rojas, Francisco Miguel"]
[Result "1/2-1/2"]
[WhiteElo "1973"]
[BlackElo "2319"]
[PlyCount "136"]
[EventDate "2023.02.28"]
[EventType "swiss (blitz)"]
[EventRounds "10"]
[EventCountry "ESP"]
[SourceTitle "CBM 213 Extra"]
[Source "ChessBase"]
[SourceDate "2023.05.31"]
[SourceVersion "1"]
[SourceVersionDate "2023.05.31"]
[SourceQuality "1"]

1. c4 Nf6 2. g3 e6 3. Bg2 d5 4. Nf3 dxc4 5. Qc2 c6 6. 0-0 Nbd7 7. Qxc4 Be7 8. d4 0-0 9. Qc2 Nb6 10. Rd1 Bd7 11. Nc3 Rc8 12. e4 Ne8 13. Qe2 Bd6 14. b3 Qe7 15. Be3 Bb8 16. Rac1 Nc7 17. Nd2 Nb5 18. Nc4 Nxc4 19. bxc4 Nxc3 20. Rxc3 c5 21. d5 exd5 22. exd5 Rfe8 23. Qd2 Bd6 24. Bf4 Qf8 25. Bxd6 Qxd6 26. Re3 b6 27. Rde1 Rxe3 28. Rxe3 Re8 29. Rxe8+ Bxe8 30. Qe3 Kf8 31. Qd3 Kg8 32. h4 Bd7 33. Qe3 Kf8 34. Qd3 g6 35. Qc3 f6 36. Qe3 Kf7 37. Qh6 Kg8 38. Qe3 Kg7 39. Kh2 Bf5 40. Bf3 Qd7 41. h5 g5 42. Qc3 Qe7 43. Qa3 Kh6 44. Bg2 Kxh5 45. Qf3+ Kg6 46. g4 Bd7 47. Qc3 f5 48. gxf5+ Bxf5 49. Qh8 Qd6+ 50. Kg1 Qe7 51. Qg8+ Kh6 52. Bf3 Bg6 53. Qb8 Bf5 54. d6 Qd7 55. Qc7 Kg6 56. Bc6 Qxc7 57. dxc7 Bc8 58. Kg2 Kf6 59. Kf3 Ke7 60. Be4 Kd6 61. Bxh7 Kxc7 62. Ke4 Kd6 63. Bg8 Be6 64. Bxe6 Kxe6 65. f4 g4 66. f5+ Kf6 67. Kf4 g3 68. Kxg3 Ke5 1/2-1/2

[Event "Titled Tuesday intern op 15th Nov Early"]
[Site "Chess.com INT"]
[Date "2022.11.15"]
[Round "11"]
[White "Hoffmann, Asa"]
[Black "Callejas Rojas, Francisco Miguel"]
[Result "1-0"]
[WhiteElo "2185"]
[BlackElo "2309"]
[PlyCount "67"]
[EventDate "2022.11.15"]
[EventType "swiss (blitz)"]
[EventRounds "11"]
[EventCountry "USA"]
[SourceTitle "CBM 211 Extra"]
[Source "ChessBase"]
[SourceDate "2023.01.31"]
[SourceVersion "1"]
[SourceVersionDate "2023.01.31"]
[SourceQuality "1"]

1. d4 Nf6 2. Bg5 g6 3. Nc3 Bg7 4. e4 d6 5. f3 c6 6. Qd2 b5 7. Bd3 Nbd7 8. Nge2 a6 9. a4 Bb7 10. 0-0 0-0 11. Bh6 e5 12. Bxg7 Kxg7 13. f4 Qb6 14. fxe5 dxe5 15. Qe3 Ng4 16. Qg3 exd4 17. Qxg4 dxc3+ 18. Kh1 cxb2 19. Rab1 Ne5 20. Qg3 Rae8 21. Rxb2 c5 22. Nf4 c4 23. Be2 Qd4 24. c3 Qd6 25. axb5 Kh8 26. bxa6 Bxe4 27. Qh4 Qxa6 28. Nh3 Bf5 29. Ng5 h5 30. Bxh5 gxh5 31. Qxh5+ Kg8 32. Rbf2 Bg6 33. Qh6 Qa2 34. Rxa2 1-0

[Event "Seville GM"]
[Site "Seville"]
[Date "2021.07.09"]
[Round "8"]
[White "Callejas Rojas, Francisco Miguel"]
[Black "Ladron de Guevara Pinto, Paolo"]
[Result "1/2-1/2"]
[WhiteElo "2341"]
[BlackElo "2417"]
[PlyCount "33"]
[EventDate "2021.07.05"]
[EventType "tourn"]
[EventRounds "9"]
[EventCountry "ESP"]
[EventCategory "6"]
[SourceTitle "CBM 203 Extra"]
[Source "ChessBase"]
[SourceDate "2021.09.30"]
[SourceVersion "1"]
[SourceVersionDate "2021.09.30"]
[SourceQuality "1"]

1. d4 g6 2. c4 Bg7 3. e4 d6 4. Nc3 Nc6 5. Be3 e5 6. d5 Nd4 7. Nge2 Nxe2 8. Bxe2 h5 9. Qd2 Nh6 10. h3 f5 11. g3 Nf7 12. 0-0-0 Qe7 13. h4 Bd7 14. f3 Bh6 15. Kb1 b6 16. Ka1 Bxe3 17. Qxe3 1/2-1/2

[Event "ESP-ch U18"]
[Site "Salobrena"]
[Date "2019.07.27"]
[Round "9"]
[White "Callejas Rojas, Francisco Miguel"]
[Black "Castillo Dalmau, Albert"]
[Result "1-0"]
[WhiteElo "2280"]
[BlackElo "2252"]
[PlyCount "59"]
[EventDate "2019.07.22"]
[EventType "swiss"]
[EventRounds "9"]
[EventCountry "ESP"]
[SourceTitle "CBM 191 Extra"]
[Source "ChessBase"]
[SourceDate "2019.09.30"]
[SourceVersion "1"]
[SourceVersionDate "2019.09.30"]
[SourceQuality "1"]

1. d4 Nf6 2. c4 e6 3. Nc3 Bb4 4. Qc2 c5 5. dxc5 Bxc5 6. Nf3 Qb6 7. e3 Qc7 8. Be2 b6 9. 0-0 Bb7 10. a3 a6 11. b4 Be7 12. e4 d6 13. Be3 Nbd7 14. Rac1 0-0 15. Rfd1 Rac8 16. Qb1 Qb8 17. Nd2 Rfe8 18. f4 Qa8 19. Bf3 h6 20. Qd3 Bc6 21. Nb3 Rc7 22. a4 Rec8 23. a5 Bb7 24. axb6 Rxc4 25. Na5 Rxb4 26. Nxb7 Qxb7 27. e5 d5 28. exf6 Bxf6 29. Nxd5 exd5 30. Bxd5 1-0

[Event "ESP-ch U18"]
[Site "Salobrena"]
[Date "2019.07.25"]
[Round "6"]
[White "Martinez Conde Hernandez, Carlos"]
[Black "Callejas Rojas, Francisco Miguel"]
[Result "1-0"]
[WhiteElo "2085"]
[BlackElo "2280"]
[PlyCount "91"]
[EventDate "2019.07.22"]
[EventType "swiss"]
[EventRounds "9"]
[EventCountry "ESP"]
[SourceTitle "CBM 191 Extra"]
[Source "ChessBase"]
[SourceDate "2019.09.30"]
[SourceVersion "1"]
[SourceVersionDate "2019.09.30"]
[SourceQuality "1"]

1. e4 c5 2. Nf3 d6 3. Nc3 a6 4. g3 b5 5. Bg2 Bb7 6. 0-0 e6 7. d4 Nd7 8. Re1 Ngf6 9. e5 dxe5 10. dxe5 Nd5 11. Ne4 c4 12. Nd4 Be7 13. Nf5 0-0 14. Nxe7+ Qxe7 15. Bg5 Qe8 16. Nd6 Qb8 17. Be7 Nxe7 18. Bxb7 Ra7 19. Be4 f5 20. Bg2 Nb6 21. f4 Ned5 22. Qd4 Rc7 23. Red1 Ne7 24. Qf2 Nbd5 25. h3 c3 26. b3 Qa7 27. Qxa7 Rxa7 28. Kf2 Rb8 29. a3 Nb6 30. Rd3 Ned5 31. Nxf5 g6 32. Ne3 Nxe3 33. Kxe3 Rc7 34. Rad1 Kf7 35. Rd8 Rxd8 36. Rxd8 Nc8 37. Bb7 Nb6 38. Bxa6 b4 39. axb4 Nd5+ 40. Rxd5 exd5 41. Kd4 Ke6 42. g4 Ra7 43. Bd3 Ra1 44. f5+ Kf7 45. b5 gxf5 46. gxf5 1-0

[Event "Seville op 44th"]
[Site "Seville"]
[Date "2019.01.15"]
[Round "5"]
[White "Harutjunyan, Gevorg"]
[Black "Callejas Rojas, Francisco Miguel"]
[Result "1-0"]
[WhiteElo "2476"]
[BlackElo "2164"]
[PlyCount "61"]
[EventDate "2019.01.11"]
[EventType "swiss"]
[EventRounds "9"]
[EventCountry "ESP"]
[SourceTitle "CBM 188 Extra"]
[Source "ChessBase"]
[SourceDate "2019.02.26"]
[SourceVersion "1"]
[SourceVersionDate "2019.02.26"]
[SourceQuality "1"]

1. Nf3 Nf6 2. g3 d5 3. Bg2 c6 4. 0-0 Bf5 5. c4 e6 6. cxd5 exd5 7. d3 Be7 8. Nc3 0-0 9. Qc2 Na6 10. a3 d4 11. Ne4 Rc8 12. b4 c5 13. b5 Nc7 14. a4 b6 15. Ne5 Ncd5 16. Qc4 Nb4 17. Ng5 Nfd5 18. Ngxf7 Rxf7 19. Nxf7 Kxf7 20. e4 Be6 21. exd5 Bxd5 22. Bxd5+ Qxd5 23. Ra3 Kf8 24. a5 Qf5 25. axb6 axb6 26. Bd2 Nd5 27. Re1 h5 28. Re4 Rd8 29. Ra7 Bf6 30. Qa2 Qf3 31. Ra8 1-0

[Event "Andalucia-chA"]
[Site "Algeciras"]
[Date "2018.05.18"]
[Round "4"]
[White "Moreno Valle, Agustin"]
[Black "Callejas Rojas, Francisco Miguel"]
[Result "1-0"]
[WhiteElo "2095"]
[BlackElo "2208"]
[PlyCount "59"]
[EventDate "2018.05.12"]
[EventType "swiss"]
[EventRounds "8"]
[EventCountry "ESP"]
[SourceTitle "EXT 2020"]
[Source "ChessBase"]
[SourceDate "2019.10.17"]
[SourceVersion "1"]
[SourceVersionDate "2019.10.17"]
[SourceQuality "1"]

1. e4 c5 2. Nf3 d6 3. d3 Nc6 4. g3 g6 5. Bg2 Bg7 6. 0-0 Nf6 7. Re1 0-0 8. c3 Rb8 9. h3 b5 10. Be3 b4 11. Nbd2 Ba6 12. d4 bxc3 13. bxc3 cxd4 14. Nxd4 Na5 15. Qa4 Bb7 16. Rab1 a6 17. Rb4 Nd7 18. Reb1 Rc8 19. Qa3 Qc7 20. Bf1 Ra8 21. Nc4 Nxc4 22. Rxc4 Nc5 23. Nb3 Bxe4 24. Rd1 f5 25. Bxc5 dxc5 26. Nxc5 Rad8 27. Nxe4 Qe5 28. Rxd8 Rxd8 29. Ng5 h6 30. Rc5 1-0

[Event "Andalucia-chA"]
[Site "Algeciras"]
[Date "2018.05.13"]
[Round "3"]
[White "Callejas Rojas, Francisco Miguel"]
[Black "Silva Lucena, Cristian"]
[Result "1/2-1/2"]
[WhiteElo "2208"]
[BlackElo "2232"]
[PlyCount "140"]
[EventDate "2018.05.12"]
[EventType "swiss"]
[EventRounds "8"]
[EventCountry "ESP"]
[SourceTitle "EXT 2020"]
[Source "ChessBase"]
[SourceDate "2019.10.17"]
[SourceVersion "1"]
[SourceVersionDate "2019.10.17"]
[SourceQuality "1"]

1. c4 e5 2. Nc3 Nc6 3. g3 f5 4. Bg2 Nf6 5. d3 Bb4 6. Bd2 0-0 7. a3 Bxc3 8. Bxc3 d6 9. b4 Qe8 10. b5 Ne7 11. Nf3 Qh5 12. d4 Ne4 13. Bb2 Be6 14. dxe5 Bxc4 15. exd6 Nxd6 16. Qd4 Qg4 17. a4 Rae8 18. Qxg4 fxg4 19. Nd2 Bd5 20. 0-0 Bxg2 21. Kxg2 Nd5 22. Rfe1 Rf7 23. Rac1 Ne4 24. Nxe4 Rxe4 25. Rcd1 Rd7 26. Rd4 Rxd4 27. Bxd4 Nf4+ 28. gxf4 Rxd4 29. Rc1 c6 30. bxc6 bxc6 31. a5 Ra4 32. Rc5 g6 33. Kg3 Ra2 34. e4 h5 35. Rxc6 Kg7 36. Rc7+ Kh6 37. Rxa7 Ra3+ 38. Kg2 h4 39. a6 h3+ 40. Kf1 Ra1+ 41. Ke2 Ra2+ 42. Ke3 g3 43. fxg3 Rxh2 44. Ra8 Kh7 45. Rb8 Ra2 46. Rb1 g5 47. fxg5 Kg6 48. Kf4 h2 49. Rh1 Rf2+ 50. Kg4 Re2 51. Kf3 Ra2 52. a7 Kxg5 53. Rxh2 Ra3+ 54. Kg2 Rxa7 55. Rh4 Ra2+ 56. Kh3 Re2 57. Rf4 Re1 58. Kg2 Ra1 59. Kf2 Ra2+ 60. Ke3 Ra3+ 61. Kd4 Rxg3 62. Rf8 Ra3 63. e5 Ra4+ 64. Kd5 Ra5+ 65. Kd6 Ra6+ 66. Kd7 Ra7+ 67. Kc6 Ra6+ 68. Kc5 Ra5+ 69. Kd4 Ra4+ 70. Kd3 Ra3+ 1/2-1/2

[Event "Seville op 43rd"]
[Site "Seville"]
[Date "2018.01.20"]
[Round "9"]
[White "Starostits, Ilmars"]
[Black "Callejas Rojas, Francisco Miguel"]
[Result "1-0"]
[WhiteElo "2431"]
[BlackElo "2127"]
[PlyCount "53"]
[EventDate "2018.01.12"]
[EventType "swiss"]
[EventRounds "9"]
[EventCountry "ESP"]
[SourceTitle "CBM 182 Extra"]
[Source "ChessBase"]
[SourceDate "2018.02.23"]
[SourceVersion "1"]
[SourceVersionDate "2018.02.23"]
[SourceQuality "1"]

1. d4 Nf6 2. Nf3 e6 3. e3 c5 4. Bd3 b6 5. 0-0 Bb7 6. b3 Be7 7. Bb2 0-0 8. c4 cxd4 9. exd4 d5 10. Nbd2 Nc6 11. Rc1 Rc8 12. Re1 Rc7 13. a3 dxc4 14. bxc4 h6 15. Bb1 Na5 16. Ne5 Qa8 17. Re3 Bxg2 18. d5 Nxd5 19. cxd5 Rxc1 20. Qxc1 Bxd5 21. Qc2 f5 22. Ng6 Bc5 23. Qc3 Rf6 24. Rg3 Nc6 25. Nf3 Bd6 26. Nf4 Qd8 27. Nxd5 1-0

[Event "Lorca op 6th"]
[Site "Lorca"]
[Date "2017.12.26"]
[Round "1"]
[White "Callejas Rojas, Francisco Miguel"]
[Black "Predke, Alexandr"]
[Result "0-1"]
[WhiteElo "2089"]
[BlackElo "2599"]
[PlyCount "24"]
[EventDate "2017.12.26"]
[EventType "swiss"]
[EventRounds "9"]
[EventCountry "ESP"]
[SourceTitle "CBM 182 Extra"]
[Source "ChessBase"]
[SourceDate "2018.02.23"]
[SourceVersion "1"]
[SourceVersionDate "2018.02.23"]
[SourceQuality "1"]

1. d4 Nf6 2. c4 e6 3. Nc3 Bb4 4. Qc2 b6 5. e4 c5 6. d5 Qe7 7. Be2 exd5 8. exd5 Qe4 9. Qd2 Qe7 10. Nf3 d6 11. 0-0 0-0 12. Bd3 Bg4 0-1

[Event "Andalucia-chA"]
[Site "Roquetas de Mar"]
[Date "2017.05.14"]
[Round "3"]
[White "Oviedo Rodriguez, Miguel Angel"]
[Black "Callejas Rojas, Francisco Miguel"]
[Result "0-1"]
[WhiteElo "1917"]
[BlackElo "2140"]
[PlyCount "121"]
[EventDate "2017.05.13"]
[EventType "swiss"]
[EventRounds "8"]
[EventCountry "ESP"]
[SourceTitle "EXT 2020"]
[Source "ChessBase"]
[SourceDate "2019.10.17"]
[SourceVersion "1"]
[SourceVersionDate "2019.10.17"]
[SourceQuality "1"]

1. d4 e6 2. c4 Nf6 3. Nf3 d5 4. Nc3 dxc4 5. e3 a6 6. a4 c5 7. Bxc4 cxd4 8. exd4 Nbd7 9. 0-0 Nb6 10. Bb3 Be7 11. Bg5 0-0 12. Qe2 Nfd5 13. Nxd5 Nxd5 14. Bxe7 Nxe7 15. Rfd1 Nd5 16. Ne5 Kh8 17. Qh5 Kg8 18. Bc2 Nf6 19. Qh4 h6 20. Rd3 Nd5 21. Qe4 Nb4 22. Rc3 f5 23. Qe2 Nxc2 24. Qxc2 Qxd4 25. Nf3 Qf6 26. Rc7 e5 27. Qb3+ Kh8 28. Qc3 e4 29. Qxf6 Rxf6 30. Ne5 Rb6 31. Nc4 Rc6 32. Rxc6 bxc6 33. Ne5 Bb7 34. Nf7+ Kg8 35. Nd6 Bc8 36. h4 Bd7 37. Rc1 Kf8 38. Rc5 g6 39. Nc4 Ke7 40. a5 Rb8 41. Nb6 Kd6 42. Rc1 Be6 43. b4 Bd5 44. Kf1 Re8 45. Na4 Rb8 46. Nb6 Rb7 47. g3 Ke5 48. Ke2 Kd6 49. Ke3 Bb3 50. Kf4 Rc7 51. Rb1 Bc2 52. Rb2 Bd3 53. Na4 Kd5 54. Nc5 Rc8 55. Na4 Kd4 56. b5 cxb5 57. Nb6 Rc2 58. Rxc2 Bxc2 59. Nd7 b4 60. Nb8 Bd3 61. Nc6+ 0-1

[Event "Andalucia-chA"]
[Site "Roquetas de Mar"]
[Date "2017.05.13"]
[Round "2"]
[White "Callejas Rojas, Francisco Miguel"]
[Black "Silva Lucena, Cristian"]
[Result "1/2-1/2"]
[WhiteElo "2140"]
[BlackElo "2259"]
[PlyCount "108"]
[EventDate "2017.05.13"]
[EventType "swiss"]
[EventRounds "8"]
[EventCountry "ESP"]
[SourceTitle "EXT 2020"]
[Source "ChessBase"]
[SourceDate "2019.10.17"]
[SourceVersion "1"]
[SourceVersionDate "2019.10.17"]
[SourceQuality "1"]

1. d4 Nf6 2. c4 d6 3. Nc3 Bf5 4. g3 c6 5. Bg2 Nbd7 6. e4 Bg6 7. Nge2 e5 8. 0-0 Be7 9. d5 0-0 10. h3 a6 11. Be3 cxd5 12. cxd5 b5 13. a3 Nb6 14. b3 Rc8 15. Qd2 Nfd7 16. Rab1 f5 17. exf5 Bxf5 18. Ne4 h6 19. N2c3 Kh8 20. Rbc1 Nb8 21. Rfd1 N6d7 22. Na2 Nf6 23. Nxf6 Bxf6 24. Rxc8 Qxc8 25. Rc1 Qd7 26. g4 Bh7 27. Qc3 e4 28. Qc7 Qxc7 29. Rxc7 Re8 30. Rb7 Bg8 31. Ba7 Bxd5 32. Rxb8 Rxb8 33. Bxb8 Bxb3 34. Nc1 Bc4 35. Bxd6 Bg5 36. Bxe4 Bxc1 37. Bb7 a5 38. Ba6 a4 39. f4 Kg8 40. Kf2 Kf7 41. f5 Bd2 42. Kf3 Bc3 43. Ke4 Bf1 44. h4 Bg2+ 45. Kd3 Be1 46. Ke2 Bxh4 47. Bxb5 Be4 48. Bxa4 h5 49. Ke3 Bb1 50. Kf4 hxg4 51. Kxg4 Bd8 52. Bb3+ Kf6 53. Be6 g6 54. Bc8 gxf5+ 1/2-1/2

[Event "Seville-ch"]
[Site "Seville"]
[Date "2017.03.11"]
[Round "7"]
[White "Lopez Rodriguez, Fernando"]
[Black "Callejas Rojas, Francisco Miguel"]
[Result "0-1"]
[WhiteElo "2098"]
[BlackElo "2033"]
[PlyCount "108"]
[EventDate "2017.01.28"]
[EventType "swiss"]
[EventRounds "9"]
[EventCountry "ESP"]
[SourceTitle "EXT 2018"]
[Source "ChessBase"]
[SourceDate "2017.10.13"]
[SourceVersion "1"]
[SourceVersionDate "2017.10.13"]
[SourceQuality "1"]

1. d4 e6 2. Nf3 Nf6 3. Bf4 c5 4. e3 Nc6 5. c3 d5 6. Nbd2 Bd6 7. Bg3 Bxg3 8. hxg3 Qd6 9. Qc2 e5 10. dxe5 Nxe5 11. Nxe5 Qxe5 12. Bb5+ Ke7 13. 0-0-0 Rd8 14. Nf3 Qc7 15. Rxh7 Nxh7 16. Qxh7 Qb6 17. c4 a6 18. Ba4 dxc4 19. Rxd8 Qxd8 20. Qxg7 Be6 21. Qg5+ f6 22. Qxc5+ Qd6 23. Qxd6+ Kxd6 24. Nd4 Rh8 25. Bd1 Bd5 26. Nf5+ Kc5 27. Nh4 b5 28. a3 a5 29. f3 b4 30. Kc2 Bc6 31. Kc1 bxa3 32. bxa3 c3 33. Bb3 Bd5 34. Kc2 Bxb3+ 35. Kxb3 a4+ 36. Kxc3 Rb8 37. Nf5 Rb3+ 38. Kc2 Rxa3 39. Kb2 Rb3+ 40. Ka2 Kb4 41. g4 a3 42. g3 Rb2+ 43. Ka1 Rg2 44. f4 a2 45. Nd4 Ka3 46. Nb5+ Kb4 47. Nd4 Rxg3 48. Kxa2 Rxg4 49. Kb2 Rg2+ 50. Kc1 Kc3 51. Nf3 Rg3 52. Ne1 Rxe3 53. Kd1 Re4 54. Ng2 Kd3 0-1

[Event "Seville op 42nd"]
[Site "Seville"]
[Date "2017.01.20"]
[Round "8"]
[White "Teran Alvarez, Ismael"]
[Black "Callejas Rojas, Francisco Miguel"]
[Result "1-0"]
[WhiteElo "2378"]
[BlackElo "2033"]
[PlyCount "61"]
[EventDate "2017.01.13"]
[EventType "swiss"]
[EventRounds "9"]
[EventCountry "ESP"]
[SourceTitle "EXT 2019"]
[Source "ChessBase"]
[SourceDate "2018.10.10"]
[SourceVersion "1"]
[SourceVersionDate "2018.10.10"]
[SourceQuality "1"]

1. Nf3 Nf6 2. c4 e6 3. g3 a6 4. Bg2 b5 5. b3 c5 6. 0-0 Bb7 7. Bb2 Be7 8. e3 0-0 9. Qe2 Nc6 10. Nc3 b4 11. Na4 d6 12. d4 Nd7 13. Rfd1 Nb6 14. dxc5 Nxa4 15. bxa4 Qc7 16. cxd6 Bxd6 17. Ng5 h6 18. Qd3 hxg5 19. Qxd6 Qxd6 20. Rxd6 Na5 21. Bxb7 Nxb7 22. Rb6 Na5 23. Rc1 Rfb8 24. c5 Rxb6 25. cxb6 f6 26. Rc7 Rb8 27. Bd4 Nb7 28. f4 gxf4 29. exf4 a5 30. g4 Nd6 31. Rd7 1-0

[Event "ESP-ch U16"]
[Site "Salobrena"]
[Date "2015.07.24"]
[Round "8"]
[White "Callejas Rojas, Francisco Miguel"]
[Black "Perez Beltran, Jose Maria"]
[Result "1/2-1/2"]
[WhiteElo "1839"]
[BlackElo "2011"]
[PlyCount "66"]
[EventDate "2015.07.20"]
[EventType "swiss"]
[EventRounds "9"]
[EventCountry "ESP"]
[SourceTitle "EXT 2016"]
[Source "ChessBase"]
[SourceDate "2015.10.08"]
[SourceVersion "1"]
[SourceVersionDate "2015.10.08"]
[SourceQuality "1"]

1. d4 Nf6 2. c4 e6 3. Nc3 Bb4 4. Qc2 0-0 5. a3 Bxc3+ 6. Qxc3 b6 7. Bg5 Bb7 8. e3 d6 9. f3 Nbd7 10. Bd3 h6 11. Bh4 c5 12. Ne2 Rc8 13. Qd2 Qe7 14. 0-0 cxd4 15. exd4 d5 16. b3 e5 17. Bf5 Rcd8 18. Rfe1 dxc4 19. bxc4 exd4 20. Qxd4 Ne5 21. Qf4 Qc5+ 22. Bf2 Qa5 23. c5 Nd3 24. Bxd3 Rxd3 25. Bd4 Rxa3 26. Rac1 Ra4 27. Qd6 bxc5 28. Bxf6 gxf6 29. Qxf6 Qb6 30. Qf5 c4+ 31. Kh1 Qg1+ 32. Nxg1 Ra8 33. Qc8+ Bxc8 1/2-1/2